000 00592nam a2200193Ia 4500
008 131103s9999 xx 000 0 und d
020 _a812501346 6
_cRs.120
040 _aLoreto College
041 _aEnglish
082 _a915.4/PAL
_bLCLIB/40491A
100 _aPal,Saroj K.
245 _aPhysical geography of India
_b a study in regional earth science
_cSaroj K.Pal
260 _aCalcutta
_bOrient Longman
_c1998
300 _avi,197 p.
_b ill.,fig.
_c 24 cm.
504 _aIncludes bibliographical references and index
650 _aIndia - Geography
850 _aLCLIB
942 _cBK
999 _c3435
_d53914